00504 2200181 4500245004800000020002200048250001100070100001500081700002700096650003000123650001000153005001900163260008200182041001400264084001200278300002300290336000900313 aPedoman Penyuluhan SastracEko MarinihText a978-623-118-860-1 aCet. 1 aEko Marini aAhmad Khoironi Arianto aPedoman Penyuluhan Sastra aEbook a20241105090447 aJakarta TimurbKementerian Pendidikan, Kebudayaan, Riset, dan Teknologic2023 aIndonesia a899.221 a169 hlm. :c21 cm. atext